| 000 | 00964nam a22002657a 4500 | ||
|---|---|---|---|
| 999 |
_c5974 _d5974 |
||
| 003 | AR-CdUCM | ||
| 008 | 190313b ||||| |||| 00| 0 spa d | ||
| 040 |
_aMUNICIPALIDAD PROVINCIAL DEL CUSCO _cBIBLIOTECA MUNICIPAL DEL CUSCO |
||
| 082 |
_a985.009 / _bB23 |
||
| 245 |
_aBaquijano y Carrillo; Sanchez Carrion / _cCarlos Deustua Pimentel ; Alfonso Pérez Bonany |
||
| 260 |
_aLima : _bUniversitaria, _c1964 |
||
| 300 |
_a85 páginas ; _c20 cm. |
||
| 440 |
_aBiblioteca hombres del Perú _n : 7 _917509 |
||
| 440 |
_aPrimera serie _99550 |
||
| 500 | _aDonación de la familia Nieto | ||
| 505 | _aContenido: El hombre y el testimonio -- Biografía -- Obras... | ||
| 650 |
_aObras _96865 |
||
| 650 |
_aBiografías _9148 |
||
| 650 |
_aDon José Baquíjano y Carrillo _917510 |
||
| 650 |
_aJosé Faustino Sanchez Carrión _96313 |
||
| 700 |
_aDeustua Pimentel, Carlos _917511 |
||
| 700 |
_aPérez Bonany, Alfonso _917512 |
||
| 942 |
_2ddc _cLIBROS |
||
| 945 | _aLiseth | ||